| 000 | 00584nam a2200229Ia 4500 | ||
|---|---|---|---|
| 003 | OSt | ||
| 005 | 20250719160020.0 | ||
| 008 | 210423s2013 xx 000 0 und d | ||
| 020 | _a978-93-921355-1-9 | ||
| 040 | _cAL | ||
| 041 | _aEnglish | ||
| 082 |
_a070.43 _b TRIR |
||
| 100 |
_aTrikha N K _9108387 |
||
| 245 | _aReporting | ||
| 260 |
_aBhopal _bMakhanlal Chaturvedi National University _c2013 |
||
| 300 |
_a475p. _bPB _c23.5x18cm. |
||
| 365 |
_b300 _cINR |
||
| 650 |
_aJournalism & Media _9108388 |
||
| 650 |
_aReporting _9108389 |
||
| 906 | _aReporting | ||
| 942 |
_2ddc _cBK |
||
| 999 |
_c166728 _d166728 |
||